000 00494 a2200169 4500
020 _a9786075147987
020 _a6075147985
041 _aspa
100 _aMexico. Secretara̕ de Educacion Publica
245 1 0 _aEspanol libro para el alumno. Segundo grado.
260 _aMexico, D.F. : Secretara̕ de Educacion Publica, 2014.
300 _a251 pages : color illustrations ;
_c27 cm
440 _aSegundo grado.
500 _aEspanol libro para el almuno.
942 _cBK
952 _71
999 _c21000
_d21000